[Event "38th WCh U20 Girls"]
[Site "Cala Gonone ITA"]
[Date "2022.10.15"]
[Round "5.3"]
[White "Beydullayeva, Govhar"]
[Black "Goltseva, Ekaterina"]
[Result "1-0"]
[WhiteElo "2356"]
[BlackElo "2300"]
[EventDate "2022.10.12"]
[PlyCount "81"]

1.Nf3 Nf6 2.c4 e6 3.Nc3 d5 4.d4 dxc4 5.e4 Bb4 6.Bxc4 Nxe4 7.O-O Nf6 8.Qa4+
Nc6 9.Ne5 Rb8 10.Rd1 Bd6 11.Nxc6 bxc6 12.Be2 Bd7 13.Qxa7 O-O 14.Qa6 Re8 
15.Bf3 e5 16.dxe5 Rxe5 17.Bf4 Re6 18.Bxd6 cxd6 19.b3 Ra8 20.Qd3 Qe8 21.h3 
Bc8 22.a4 Ba6 23.Qd4 c5 24.Qf4 Rb8 25.Rxd6 Rxb3 26.Nd5 Nxd5 27.Bxd5 Rb4 
28.Rxe6 fxe6 29.Qe3 Rd4 30.Bxe6+ Kh8 31.Rb1 Rd8 32.a5 h6 33.Rb6 Bc8 34.Bc4
Qxe3 35.fxe3 Bf5 36.a6 Be4 37.a7 Rd1+ 38.Kh2 Rd2 39.a8=Q+ Bxa8 40.Rb8+ Kh7
41.Rxa8 1-0

[Event "38th WCh U20 Girls"]
[Site "Cala Gonone ITA"]
[Date "2022.10.15"]
[Round "5.4"]
[White "Gombocz, Zsofia"]
[Black "Priyanka, Nutakki"]
[Result "0-1"]
[WhiteElo "2118"]
[BlackElo "2326"]
[EventDate "2022.10.12"]
[PlyCount "86"]

1.e4 c5 2.Nf3 e6 3.Nc3 Nc6 4.g3 Nf6 5.Bg2 d5 6.exd5 exd5 7.d4 cxd4 8.Nxd4 
Bg4 9.Qd3 Be7 10.h3 Bh5 11.O-O Bg6 12.Qd1 O-O 13.Be3 Rc8 14.Ncb5 a6 15.Nc3
Ne5 16.Nb3 Nc4 17.Bc1 b5 18.Nxd5 Nxd5 19.Qxd5 Qb6 20.Qb7 Qf6 21.Re1 Rfe8 
22.Bf4 Bxc2 23.Rac1 Bf5 24.Rcd1 h6 25.Nd4 Bg6 26.Nc6 Bf8 27.b3 Nb2 28.Rxe8
Rxe8 29.Rf1 Be4 30.Bxe4 Rxe4 31.Be3 Qg6 32.Nd4 Nd3 33.Kg2 Bc5 34.Nc2 Re8 
35.Nd4 Qf6 36.Qd5 Qg6 37.Qd7 Qe4+ 38.Kh2 Re7 39.Qd8+ Kh7 40.Nc6 Re8 41.Qd7
Re6 42.Rd1 Nxf2 43.Bxf2 Bxf2 0-1

[Event "38th WCh U20 Girls"]
[Site "Cala Gonone ITA"]
[Date "2022.10.15"]
[Round "5.5"]
[White "Radikovic, Anamarija"]
[Black "Rudzinska, Michalina"]
[Result "0-1"]
[WhiteElo "2112"]
[BlackElo "2259"]
[EventDate "2022.10.12"]
[PlyCount "116"]

1.c4 e5 2.Nc3 Nc6 3.Nf3 Nf6 4.e3 Bb4 5.Qc2 Bxc3 6.bxc3 e4 7.Nd4 O-O 8.Be2 
d6 9.O-O Ne5 10.f4 Ned7 11.a4 a5 12.Nf5 Nc5 13.Ng3 Bd7 14.d3 exd3 15.Bxd3 
Qe8 16.e4 Bxa4 17.Qe2 Nxd3 18.Qxd3 Bb3 19.c5 Qc6 20.Ba3 dxc5 21.c4 a4 22.
e5 Rad8 23.Qe2 Rfe8 24.Bb2 Nd7 25.Nh5 Qe6 26.Rac1 f5 27.g4 g6 28.gxf5 gxf5
29.Kh1 Kh8 30.Qg2 Rg8 31.Ng3 a3 32.Ba1 Ba4 33.Qh3 Bc6+ 34.Kg1 Nf6 35.Qh6 
Rg6 36.Qh4 Rd2 37.Rfd1 Rg2+ 38.Kf1 Ng4 39.Rd8+ Kg7 40.Rd7+ Bxd7 41.Kxg2 h6
42.Qd8 Kh7 43.Kg1 Rg7 44.Qxc7 Qe7 45.Qxb7 Nxh2 46.Rc3 Qh4 47.Qg2 Ng4 48.
Qh1 Qd8 49.Qd5 Qb6 50.Qd3 a2 51.Rb3 Qe6 52.Ra3 h5 53.Qd6 Qxc4 54.Qd2 Be6 
55.Nxh5 Rd7 56.Nf6+ Nxf6 57.Qh2+ Kg6 58.Rg3+ Ng4 0-1

[Event "38th WCh U20 Girls"]
[Site "Cala Gonone ITA"]
[Date "2022.10.15"]
[Round "5.6"]
[White "Bashylina, Luisa"]
[Black "Urh, Zala"]
[Result "0-1"]
[WhiteElo "2073"]
[BlackElo "2221"]
[EventDate "2022.10.12"]
[PlyCount "70"]

1.d4 Nf6 2.c4 g6 3.h4 Bg7 4.Nc3 c5 5.d5 d6 6.e4 e6 7.Be2 exd5 8.exd5 Nbd7 
9.Nf3 Ng4 10.Bd2 Ndf6 11.Kf1 O-O 12.Nh2 h5 13.f3 Ne5 14.g4 hxg4 15.f4 Nh5 
16.fxe5 Qxh4 17.Bxg4 Ng3+ 18.Kg2 Nxh1 19.Bxc8 Raxc8 20.Qxh1 Bxe5 21.Nf3 
Qg4+ 22.Kf2 Rce8 23.Ne2 Qxc4 24.Bc3 Bxc3 25.Nxc3 Kg7 26.Qh2 b5 27.Rc1 b4 
28.Qxd6 bxc3 29.Rxc3 Qe2+ 30.Kg3 f5 31.Qc7+ Rf7 32.Qxc5 f4+ 33.Kh3 Rh8+ 
34.Nh4 Rxh4+ 35.Kxh4 Qh5# 0-1

[Event "38th WCh U20 Girls"]
[Site "Cala Gonone ITA"]
[Date "2022.10.15"]
[Round "5.7"]
[White "Serikbay, Assel"]
[Black "Vanduyfhuys, Daria"]
[Result "1-0"]
[WhiteElo "2181"]
[BlackElo "2073"]
[EventDate "2022.10.12"]
[PlyCount "115"]

1.d4 Nf6 2.c4 e6 3.g3 d5 4.Nf3 dxc4 5.Bg2 Nc6 6.Qa4 Bb4+ 7.Bd2 Nd5 8.Bxb4 
Nxb4 9.Nc3 a6 10.Ne5 Rb8 11.Nxc6 Nxc6 12.Qxc4 O-O 13.e3 e5 14.d5 Ne7 15.
Rd1 b5 16.Qb4 Qd6 17.a3 f5 18.O-O Bb7 19.Qb3 Kh8 20.Rc1 Rbd8 21.Rfd1 h5 
22.e4 f4 23.Ne2 g5 24.f3 Ng6 25.Qc2 Rf7 26.Qc5 Qxc5+ 27.Rxc5 c6 28.Nc3 
Rfd7 29.Bh3 Rd6 30.dxc6 Rxd1+ 31.Nxd1 Rxd1+ 32.Kf2 Bxc6 33.Rxc6 Rd2+ 34.
Kg1 Kg7 35.Rxa6 Rxb2 36.Bf5 Ne7 37.Bd7 Rb1+ 38.Kg2 Rb2+ 39.Kh3 Kf7 40.Ra8 
h4 41.gxh4 gxh4 42.Rb8 Rf2 43.Bg4 Rb2 44.Kxh4 Rxh2+ 45.Kg5 Rb2 46.Rb6 Rc2 
47.Rxb5 Nc6 48.Rb7+ Ne7 49.a4 Ra2 50.Ra7 Ra3 51.Ra6 Rc3 52.Bh5+ Kg7 53.Ra7
Kf8 54.a5 Rc6 55.a6 Rb6 56.Ra8+ Kg7 57.Re8 Nc6 58.a7 1-0

[Event "38th WCh U20 Girls"]
[Site "Cala Gonone ITA"]
[Date "2022.10.15"]
[Round "5.8"]
[White "Djidjeli, Sarah"]
[Black "Mkrtchian, Mariam"]
[Result "0-1"]
[WhiteElo "2082"]
[BlackElo "2374"]
[EventDate "2022.10.12"]
[PlyCount "80"]

1.e4 e5 2.Nf3 Nc6 3.Bb5 a6 4.Ba4 Nf6 5.O-O b5 6.Bb3 Bc5 7.a4 Bb7 8.c3 d6 
9.d3 h6 10.d4 Bb6 11.d5 Ne7 12.Qe2 c6 13.dxc6 Bxc6 14.Bc2 Ng6 15.Na3 O-O 
16.Be3 Rb8 17.axb5 axb5 18.Rad1 Qe7 19.Rfe1 Qe6 20.h3 Rfd8 21.Bxb6 Rxb6 
22.Nb1 Qa2 23.b4 Ra6 24.Rd2 Qe6 25.Qd1 Nf4 26.Bb3 Qe7 27.Bd5 Bxd5 28.exd5 
Qb7 29.Nh4 Ra1 30.Qf3 Qd7 31.g4 Nh7 32.Ng2 Ng5 33.Qg3 Ngxh3+ 34.Kh2 Nxg2 
35.Qxg2 Nf4 36.Qg3 h5 37.gxh5 Qf5 38.Qh4 Rda8 39.Rdd1 R8a2 40.h6 Ng6 0-1

[Event "38th WCh U20 Girls"]
[Site "Cala Gonone ITA"]
[Date "2022.10.15"]
[Round "5.9"]
[White "Grozdanovic, Anastasia"]
[Black "Schneider, Jana"]
[Result "0-1"]
[WhiteElo "1824"]
[BlackElo "2331"]
[EventDate "2022.10.12"]
[PlyCount "54"]

1.d4 d5 2.c4 e6 3.Nc3 Nf6 4.Nf3 dxc4 5.Bg5 a6 6.e4 b5 7.e5 h6 8.Bh4 g5 9.
Nxg5 hxg5 10.Bxg5 Nbd7 11.exf6 Bb7 12.d5 Nc5 13.dxe6 Qxd1+ 14.Rxd1 Nxe6 
15.Be3 Bd6 16.a4 Bc6 17.Nd5 Rd8 18.Ne7 Be4 19.axb5 axb5 20.f3 Bg3+ 21.hxg3
Rxd1+ 22.Kxd1 Rxh1 23.fxe4 Rxf1+ 24.Kc2 Rxf6 25.Nd5 Rg6 26.Bf2 c6 27.Nc3 
Rg4 0-1

[Event "38th WCh U20 Girls"]
[Site "Cala Gonone ITA"]
[Date "2022.10.15"]
[Round "5.10"]
[White "Malicka, Maria"]
[Black "Kucharska, Honorata"]
[Result "1/2-1/2"]
[WhiteElo "2327"]
[BlackElo "2179"]
[EventDate "2022.10.12"]
[PlyCount "74"]

1.e4 e5 2.Nf3 Nc6 3.Bb5 a6 4.Ba4 Nf6 5.d3 b5 6.Bb3 Bc5 7.Nc3 h6 8.Nd5 Rb8 
9.c3 d6 10.O-O O-O 11.d4 Ba7 12.Be3 exd4 13.cxd4 Nxd5 14.Bxd5 Ne7 15.Bb3 
Bb7 16.Bc2 Ng6 17.Re1 c5 18.Rc1 c4 19.d5 Bxe3 20.Rxe3 Qf6 21.Nd4 Ne5 22.
Nf5 Bc8 23.b3 Bxf5 24.exf5 Rbc8 25.Bb1 Rc5 26.b4 Rc7 27.f4 Nd7 28.Rcc3 a5 
29.bxa5 b4 30.Rc1 c3 31.Re4 Rb8 32.Qe2 Ra7 33.Re8+ Rxe8 34.Qxe8+ Nf8 35.
Qe4 Rxa5 36.Qxb4 Rxd5 37.a4 Rc5 1/2-1/2

[Event "38th WCh U20 Girls"]
[Site "Cala Gonone ITA"]
[Date "2022.10.15"]
[Round "5.11"]
[White "Schulze, Lara"]
[Black "Nurgali, Nazerke"]
[Result "1/2-1/2"]
[WhiteElo "2266"]
[BlackElo "2169"]
[EventDate "2022.10.12"]
[PlyCount "66"]

1.e4 c6 2.d4 d5 3.Nd2 dxe4 4.Nxe4 Nf6 5.Nxf6+ exf6 6.c3 Bd6 7.Bd3 Na6 8.
Qc2 Nc7 9.Ne2 h5 10.O-O Nd5 11.a3 Kf8 12.c4 Ne7 13.Bd2 h4 14.h3 g6 15.Rad1
Bd7 16.f4 b5 17.b3 a5 18.a4 b4 19.Bc1 Nf5 20.Qd2 Kg7 21.Bb2 Qe7 22.Bxf5 
Bxf5 23.d5 c5 24.Rfe1 Qd8 25.Ba1 Ra6 26.Nc1 Bb8 27.Re2 Qd6 28.Rf1 g5 29.
fxg5 Qh2+ 30.Kf2 Qg3+ 31.Kg1 Qh2+ 32.Kf2 Qg3+ 33.Kg1 Qh2+ 1/2-1/2

[Event "38th WCh U20 Girls"]
[Site "Cala Gonone ITA"]
[Date "2022.10.15"]
[Round "5.12"]
[White "Altantuya, Boldbaatar"]
[Black "Jarocka, Liwia"]
[Result "1/2-1/2"]
[WhiteElo "2223"]
[BlackElo "2089"]
[EventDate "2022.10.12"]
[PlyCount "91"]

1.d4 d5 2.c4 c6 3.Nc3 Nf6 4.e3 e6 5.Nf3 Nbd7 6.Bd3 dxc4 7.Bxc4 b5 8.Bd3 
Bd6 9.O-O Bb7 10.Qc2 O-O 11.Bd2 b4 12.Na4 c5 13.dxc5 Rc8 14.Bxb4 Bxf3 15.
gxf3 Nd5 16.Bxh7+ Kh8 17.Qe4 Bb8 18.Ba3 Qg5+ 19.Qg4 Qh6 20.Qg2 Kxh7 21.c6 
Rxc6 22.Bxf8 Nxf8 23.f4 Ng6 24.Qg5 Qxg5+ 25.fxg5 Rc4 26.b3 Rg4+ 27.Kh1 
Rxg5 28.f4 Rh5 29.Rf3 Nf6 30.Nc3 e5 31.f5 Nh4 32.Rh3 Nxf5 33.Rxh5+ Nxh5 
34.Nd5 Nf6 35.Nxf6+ gxf6 36.Rf1 Kg6 37.Rg1+ Kh7 38.Rf1 Nxe3 39.Rxf6 Kg7 
40.Rf3 Nd5 41.Rd3 Nf6 42.Kg2 e4 43.Rd8 Bc7 44.Rd4 Bb6 45.Rc4 Kg6 46.a4 
1/2-1/2

[Event "38th WCh U20 Girls"]
[Site "Cala Gonone ITA"]
[Date "2022.10.15"]
[Round "5.13"]
[White "Walter, Ema"]
[Black "Kurmangaliyeva, Liya"]
[Result "0-1"]
[WhiteElo "2062"]
[BlackElo "2199"]
[EventDate "2022.10.12"]
[PlyCount "64"]

1.e4 c5 2.Nf3 e6 3.c3 d5 4.exd5 exd5 5.Bb5+ Nc6 6.O-O Bd6 7.d4 Ne7 8.dxc5 
Bxc5 9.Nbd2 O-O 10.Nb3 Bd6 11.h3 Qc7 12.Be3 Rd8 13.Re1 h6 14.Nfd4 Ne5 15.
Bf1 a6 16.Qc2 Bd7 17.Rad1 b5 18.Nd2 Nc4 19.N2f3 Ng6 20.Bxc4 dxc4 21.Nf5 
Bf8 22.Bd4 Bc6 23.Ne5 Nxe5 24.Bxe5 Qb7 25.Rxd8 Rxd8 26.Nxh6+ gxh6 27.Qf5 
Qe7 28.Re3 Rd1+ 29.Kh2 Rd3 30.Bf6 Qd7 31.Qf4 Rxe3 32.Qxe3 Qd3 0-1

[Event "38th WCh U20 Girls"]
[Site "Cala Gonone ITA"]
[Date "2022.10.15"]
[Round "5.14"]
[White "Gomez Barrera, Javiera Belen"]
[Black "Singgih, Diajeng Theresa"]
[Result "1-0"]
[WhiteElo "2219"]
[BlackElo "1991"]
[EventDate "2022.10.12"]
[PlyCount "67"]

1.e4 e5 2.Nf3 Nc6 3.Bc4 Bc5 4.d3 Nf6 5.O-O O-O 6.h3 d5 7.exd5 Nxd5 8.Re1 
Be6 9.Nbd2 f6 10.Ne4 Bb6 11.c3 h6 12.b4 Qd7 13.a4 a6 14.a5 Ba7 15.Qb3 Nce7
16.Nc5 Bxc5 17.bxc5 Ng6 18.d4 c6 19.Ra2 Rae8 20.Rae2 Qf7 21.Kh1 Ngf4 22.
Bxf4 Nxf4 23.Bxe6 Rxe6 24.Re3 Qg6 25.g3 Nd5 26.Re4 Qf5 27.Kg2 Rfe8 28.c4 
Rd8 29.cxd5 cxd5 30.R4e3 e4 31.Ng1 Re7 32.Ne2 Qd7 33.Rb1 f5 34.Qb6 1-0

[Event "38th WCh U20 Girls"]
[Site "Cala Gonone ITA"]
[Date "2022.10.15"]
[Round "5.15"]
[White "Bucur, Denisa-Andreea"]
[Black "Kanyamarala, Trisha"]
[Result "1/2-1/2"]
[WhiteElo "1946"]
[BlackElo "2174"]
[EventDate "2022.10.12"]
[PlyCount "78"]

1.Nf3 d5 2.b3 Nf6 3.e3 e6 4.Bb2 Bd6 5.c4 O-O 6.Nc3 a6 7.cxd5 exd5 8.Be2 
Nbd7 9.O-O Re8 10.Qc2 c6 11.d3 Nf8 12.e4 Ng6 13.Rfe1 Bc7 14.Bf1 Bg4 15.Nd2
Qd6 16.g3 Bb6 17.Nd1 Ba7 18.Ne3 Bd7 19.Bg2 Ng4 20.Nxg4 Bxg4 21.Nf3 h5 22.
e5 Qd7 23.d4 h4 24.Ng5 Bb6 25.f4 Bf5 26.Qd2 Bd8 27.Nf3 Be4 28.Qf2 h3 29.
Bh1 Ba5 30.Red1 Qf5 31.Nd2 Bxh1 32.Kxh1 Qc2 33.Ba3 Ne7 34.Bxe7 Rxe7 35.Kg1
Rc8 36.Nf3 Qf5 37.a3 Bd8 38.Rac1 a5 39.Qc2 Qg4 1/2-1/2

[Event "38th WCh U20 Girls"]
[Site "Cala Gonone ITA"]
[Date "2022.10.15"]
[Round "5.16"]
[White "Norlamo, Sarabella"]
[Black "Hajiyeva, Laman"]
[Result "0-1"]
[WhiteElo "1946"]
[BlackElo "2138"]
[EventDate "2022.10.12"]
[PlyCount "108"]

1.d4 d5 2.c4 dxc4 3.e3 Nf6 4.Bxc4 e6 5.Nf3 c5 6.O-O cxd4 7.exd4 Be7 8.Nc3 
O-O 9.Be3 a6 10.Rc1 b5 11.Bd3 Bb7 12.Ne5 Nc6 13.Bb1 Nb4 14.a3 Nbd5 15.Bg5 
g6 16.Bh6 Nxc3 17.Rxc3 Qd5 18.Qf3 Qxf3 19.Nxf3 Rfc8 20.Rfc1 Nd5 21.Rxc8+ 
Rxc8 22.Rxc8+ Bxc8 23.Kf1 Nb6 24.Bc1 Bb7 25.Ne5 Bd5 26.b4 Nc4 27.Nxc4 
Bxc4+ 28.Ke1 Bd5 29.f3 Bd6 30.h3 f5 31.Kf2 Kf7 32.Bg5 Ke8 33.Bd2 Kd7 34.
Bd3 Kc6 35.Bc3 Bb3 36.Bb2 Kd5 37.g3 f4 38.g4 Bc7 39.Be4+ Kc4 40.Ke2 Ba4 
41.Bb7 Kb3 42.Bc1 Kc2 43.Bd2 Bb3 44.Bxa6 Bc4+ 45.Ke1 Bd8 46.Kf2 Kxd2 47.a4
Kc3 48.Bxb5 Bxb5 49.axb5 Kxb4 50.Ke2 Kc4 51.Kd2 Kxd4 52.Ke2 Kc3 53.Kf2 Kd2
54.Kg2 Ke3 0-1

[Event "38th WCh U20 Girls"]
[Site "Cala Gonone ITA"]
[Date "2022.10.15"]
[Round "5.17"]
[White "Aydin, Gulenay"]
[Black "Cassi, Elisa"]
[Result "1-0"]
[WhiteElo "2109"]
[BlackElo "1965"]
[EventDate "2022.10.12"]
[PlyCount "83"]

1.e4 e5 2.Nf3 Nc6 3.Nc3 Nf6 4.d4 exd4 5.Nxd4 Bb4 6.Nxc6 bxc6 7.Bd3 O-O 8.
O-O d5 9.exd5 cxd5 10.h3 c6 11.Qf3 Bd6 12.Re1 Rb8 13.b3 Be6 14.Bf4 Bxf4 
15.Qxf4 a5 16.Rad1 Rb4 17.Qf3 Qc7 18.Ne2 c5 19.c3 Rb6 20.Nf4 Re8 21.Nxd5 
Nxd5 22.Qxd5 g6 23.Qe4 Rc8 24.Bc4 Bxc4 25.Qxc4 Rd6 26.Rd5 Rxd5 27.Qxd5 Rd8
28.Qg5 Qd6 29.h4 h5 30.Re5 Rc8 31.Rd5 Qc6 32.c4 a4 33.bxa4 Qxa4 34.Rd8+ 
Rxd8 35.Qxd8+ Kg7 36.Qd5 Qa3 37.Kh2 Kg8 38.Qd8+ Kg7 39.Qb6 Kf8 40.Qb3 Qc1 
41.Qb8+ Kg7 42.Qe5+ 1-0

[Event "38th WCh U20 Girls"]
[Site "Cala Gonone ITA"]
[Date "2022.10.15"]
[Round "5.18"]
[White "Koubova, Anna Marie"]
[Black "Olde, Grete"]
[Result "1/2-1/2"]
[WhiteElo "2089"]
[BlackElo "1862"]
[EventDate "2022.10.12"]
[PlyCount "219"]

1.d4 d5 2.c4 e6 3.Nf3 Nf6 4.Nc3 Be7 5.cxd5 exd5 6.Bf4 O-O 7.e3 c6 8.Bd3 
Nbd7 9.h3 Re8 10.O-O Nf8 11.Qc2 Ng6 12.Bh2 Bd6 13.Bxd6 Qxd6 14.Rab1 Nh5 
15.b4 Qf6 16.Qd1 Nh4 17.Nxh4 Qxh4 18.Qc2 g6 19.Rfe1 Ng7 20.b5 Nf5 21.bxc6 
bxc6 22.Na4 Qf6 23.Rbc1 Nh4 24.Qxc6 Be6 25.f4 Rac8 26.Qd6 Nxg2 27.Rxc8 
Rxc8 28.Re2 Rc1+ 29.Kh2 Qh4 30.f5 Ne1 31.Qg3 Qxg3+ 32.Kxg3 Nxd3 33.fxe6 
fxe6 34.Rd2 Nb4 35.Nc5 Kf7 36.Rb2 a5 37.a3 Nc6 38.Rb6 Ne7 39.Nxe6 Rc3 40.
Ng5+ Kg7 41.Kf4 h6 42.Ne6+ Kf7 43.h4 Nf5 44.h5 Ne7 45.hxg6+ Nxg6+ 46.Kf3 
Nh4+ 47.Kg4 Ng2 48.Nd8+ Ke8 49.Nb7 Nxe3+ 50.Kh5 Rxa3 51.Rxh6 a4 52.Kg5 Nc2
53.Nd6+ Kd7 54.Nb5 Rb3 55.Rd6+ Ke7 56.Rxd5 a3 57.Nxa3 Rxa3 58.Kf4 Ke6 59.
Re5+ Kd6 60.Re8 Nxd4 61.Rd8+ Kc5 62.Rc8+ Nc6 63.Ke4 Ra4+ 64.Ke3 Kd5 65.Rh8
Ne7 66.Rh5+ Ke6 67.Rh8 Ke5 68.Re8 Ra3+ 69.Kd2 Kd6 70.Rd8+ Kc5 71.Ke2 Nd5 
72.Re8 Kd4 73.Kf2 Nf6 74.Re6 Ne4+ 75.Kg2 Ra2+ 76.Kf1 Ke3 77.Re8 Kf4 78.
Rf8+ Kg4 79.Rg8+ Ng5 80.Ke1 Kf4 81.Rf8+ Ke5 82.Re8+ Ne6 83.Kd1 Kd5 84.Ke1 
Nf4 85.Rd8+ Ke4 86.Re8+ Kd4 87.Rd8+ Nd5 88.Kf1 Ke4 89.Re8+ Kf3 90.Rf8+ Nf4
91.Ke1 Re2+ 92.Kd1 Rf2 93.Kc1 Kg2 94.Rg8+ Kf1 95.Rd8 Ra2 96.Rf8 Rf2 97.Rd8
Kg2 98.Rg8+ Kf3 99.Rf8 Ke3 100.Re8+ Kd4 101.Rd8+ Nd5 102.Kd1 Ke4 103.Re8+ 
Kd3 104.Ke1 Rf7 105.Rd8 Rf5 106.Re8 Nc3 107.Rh8 Ne4 108.Rh3+ Kd4 109.Ke2 
Rf2+ 110.Ke1 1/2-1/2

[Event "38th WCh U20 Girls"]
[Site "Cala Gonone ITA"]
[Date "2022.10.15"]
[Round "5.19"]
[White "Aubert, Estee"]
[Black "Popovic, Mateja"]
[Result "1-0"]
[WhiteElo "2019"]
[BlackElo "1718"]
[EventDate "2022.10.12"]
[PlyCount "125"]

1.d4 d5 2.c4 e6 3.Nc3 Nf6 4.cxd5 exd5 5.Bg5 Be7 6.Qc2 Nbd7 7.e3 c6 8.Bd3 
O-O 9.Nge2 Re8 10.O-O h6 11.Bh4 Ne4 12.Bxe7 Qxe7 13.Rae1 Ndf6 14.f3 Nxc3 
15.Nxc3 Be6 16.a3 Rad8 17.Qa4 a6 18.Qa5 Qd6 19.Na4 Nd7 20.Rc1 b5 21.Nb6 
Qc7 22.Nc4 Rc8 23.Qxc7 Rxc7 24.Nd6 Rd8 25.e4 c5 26.dxc5 Rxc5 27.f4 dxe4 
28.Nxe4 Rxc1 29.Rxc1 Nb6 30.Nc5 Bc4 31.Be4 Rd4 32.Re1 a5 33.g3 a4 34.Bc6 
g6 35.Ne4 Nd5 36.Bxd5 Bxd5 37.Nc3 Bc4 38.Rd1 Rxd1+ 39.Nxd1 Kf8 40.Kf2 Ke7 
41.Ke3 Kd6 42.Kd4 f6 43.Ne3 Be6 44.g4 g5 45.fxg5 hxg5 46.h3 Kc6 47.Nd1 Bd5
48.Ne3 Be6 49.Nf1 Bd5 50.Ng3 Bg2 51.Nh5 f5 52.gxf5 Bxh3 53.Ng3 Bg2 54.Ke5 
Bd5 55.f6 Kc5 56.Ne4+ Kc4 57.Nd2+ Kc5 58.Ne4+ Kc4 59.Nd6+ Kc5 60.Nxb5 g4 
61.Nc3 g3 62.Nxd5 g2 63.f7 1-0

[Event "38th WCh U20 Girls"]
[Site "Cala Gonone ITA"]
[Date "2022.10.15"]
[Round "5.20"]
[White "Sebastian, Mhage Gerriahlou"]
[Black "Simkunaite, Gabija"]
[Result "1-0"]
[WhiteElo "1865"]
[BlackElo "2014"]
[EventDate "2022.10.12"]
[PlyCount "67"]

1.e4 c5 2.Nf3 Nc6 3.Bb5 e5 4.O-O Bd6 5.c3 a6 6.Bxc6 dxc6 7.d4 cxd4 8.cxd4 
Qc7 9.h3 Ne7 10.Nc3 O-O 11.dxe5 Bxe5 12.Nxe5 Qxe5 13.Qf3 Ng6 14.Be3 Be6 
15.Rad1 Qc7 16.Bc5 Rfe8 17.Qe3 f5 18.Bd6 Qf7 19.exf5 Bxf5 20.Qb6 h6 21.f4 
Rad8 22.Qf2 Qf6 23.Bc7 Rc8 24.Bb6 Ne7 25.g4 Bg6 26.Bd4 Qf7 27.f5 Bh7 28.
Na4 Nd5 29.Nc5 b6 30.Ne6 g6 31.Qg3 c5 32.Be5 Nb4 33.Rd6 Rc6 34.Nd8 1-0

[Event "38th WCh U20 Girls"]
[Site "Cala Gonone ITA"]
[Date "2022.10.15"]
[Round "5.21"]
[White "Ruiz Villalba, Andrea"]
[Black "Sala, Giulia"]
[Result "0-1"]
[WhiteElo "1764"]
[BlackElo "1869"]
[EventDate "2022.10.12"]
[PlyCount "96"]

1.e4 e5 2.Nf3 Nc6 3.Bc4 Bc5 4.c3 Nf6 5.d3 d6 6.Nbd2 a6 7.Bb3 Ba7 8.h3 O-O 
9.O-O Ne7 10.Re1 Ng6 11.Nf1 h6 12.Ng3 Re8 13.d4 Bd7 14.Bc2 c5 15.Be3 Qc7 
16.Qd2 Kh7 17.Nf5 Bxf5 18.exf5 Ne7 19.dxe5 dxe5 20.Nh2 Rad8 21.Qe2 e4 22.
Ng4 Ned5 23.Nxf6+ Nxf6 24.Rad1 Qe5 25.Qc4 Rxd1 26.Rxd1 Re7 27.b4 b5 28.Qe2
Qxc3 29.bxc5 Bxc5 30.Bf4 e3 31.fxe3 Bxe3+ 32.Bxe3 Rxe3 33.Qf2 Qe5 34.Bb3 
Re2 35.Qf1 Qe3+ 36.Kh2 Qe5+ 37.Kg1 Qc5+ 38.Kh2 Re7 39.Qd3 Qe5+ 40.Kg1 Rd7 
41.Qf3 Rxd1+ 42.Qxd1 Qe7 43.Qf3 a5 44.Qc6 a4 45.Bc2 Qe1+ 46.Kh2 Qe5+ 47.g3
Qd5 48.Qc3 Qxa2 0-1

[Event "38th WCh U20 Girls"]
[Site "Cala Gonone ITA"]
[Date "2022.10.15"]
[Round "5.22"]
[White "Le Thuy An"]
[Black "Levitan, Ronit"]
[Result "1-0"]
[WhiteElo "1728"]
[BlackElo "2024"]
[EventDate "2022.10.12"]
[PlyCount "93"]

1.e4 e5 2.Nf3 Nc6 3.Bb5 a6 4.Ba4 Nf6 5.O-O Nxe4 6.d4 b5 7.Bb3 d5 8.dxe5 
Be6 9.Nbd2 Nc5 10.c3 Bf5 11.Nd4 Nxd4 12.cxd4 Ne6 13.Nf3 Be7 14.Bd2 Rc8 15.
a4 O-O 16.axb5 axb5 17.Qe2 c6 18.Ra6 c5 19.Ra7 c4 20.Ba5 Qe8 21.Bc2 Bxc2 
22.Qxc2 Nxd4 23.Nxd4 Bc5 24.Ra6 Bxd4 25.Qd2 Qxe5 26.Re1 c3 27.bxc3 Bxc3 
28.Rxe5 Bxd2 29.Bxd2 Rfd8 30.Rb6 f6 31.Re7 Re8 32.Rxe8+ Rxe8 33.Rxb5 Rd8 
34.Kf1 Rd7 35.Ke2 Kf7 36.Kd3 Ke6 37.Kd4 h6 38.Bb4 Rd8 39.Rb7 g6 40.Rb6+ 
Kf7 41.Bd6 Re8 42.Kxd5 Re2 43.Rb7+ Kg8 44.Bc5 g5 45.Bd4 f5 46.Rg7+ Kf8 47.
Rg6 1-0

[Event "38th WCh U20 Girls"]
[Site "Cala Gonone ITA"]
[Date "2022.10.15"]
[Round "5.23"]
[White "Ishvi, Aggarwal"]
[Black "Ortega Beltran, Ximena"]
[Result "0-1"]
[WhiteElo "1964"]
[BlackElo "1820"]
[EventDate "2022.10.12"]
[PlyCount "56"]

1.d4 Nf6 2.c4 c5 3.d5 b5 4.cxb5 a6 5.bxa6 g6 6.g3 d6 7.Bg2 Bg7 8.Nf3 O-O 
9.O-O Bf5 10.Nc3 Nxa6 11.Nh4 Bc8 12.e4 Nb4 13.a3 c4 14.Bh6 Bxh6 15.axb4 
Rxa1 16.Qxa1 Ng4 17.Qa7 f5 18.exf5 g5 19.Nf3 Bxf5 20.Re1 Bd7 21.b5 Nxf2 
22.b6 Nd3 23.Ra1 g4 24.Ne1 Be3+ 25.Kh1 Nf2+ 26.Kg1 Ne4+ 27.Kh1 Nxg3+ 28.
hxg3 Qe8 0-1

[Event "38th WCh U20 Girls"]
[Site "Cala Gonone ITA"]
[Date "2022.10.15"]
[Round "5.24"]
[White "Dejanovic, Tereza"]
[Black "Saravanan, Durga"]
[Result "1-0"]
[WhiteElo "1943"]
[BlackElo "1736"]
[EventDate "2022.10.12"]
[PlyCount "99"]

1.e4 c5 2.c3 Nf6 3.e5 Nd5 4.d4 cxd4 5.Nf3 e6 6.cxd4 d6 7.Bc4 Nc6 8.O-O Be7
9.Qe2 dxe5 10.dxe5 O-O 11.Rd1 Qc7 12.Bxd5 exd5 13.Nc3 Be6 14.Nxd5 Bxd5 15.
Rxd5 Nb4 16.Rd1 Rfd8 17.Bg5 Rxd1+ 18.Qxd1 Bxg5 19.Nxg5 Qxe5 20.Nxf7 Qxb2 
21.Rb1 Qxa2 22.Nh6+ gxh6 23.Rxb4 Qe6 24.Rg4+ Kf7 25.Qf3+ Qf6 26.Rf4 Qxf4 
27.Qxf4+ Kg6 28.Qe4+ Kf6 29.Qxb7 Re8 30.f4 Re7 31.Qa6+ Kg7 32.g4 Rf7 33.f5
h5 34.h3 Kg8 35.Kf2 hxg4 36.hxg4 Kg7 37.Kg3 Rd7 38.Qe6 Rf7 39.g5 a5 40.
Qe5+ Kg8 41.Qxa5 Kg7 42.Kg4 Rf8 43.f6+ Kg8 44.Qc7 Rf7 45.Qc8+ Rf8 46.Qe6+ 
Rf7 47.Kf5 h5 48.Kg6 Kh8 49.Qe8+ Rf8 50.Qxf8# 1-0

[Event "38th WCh U20 Girls"]
[Site "Cala Gonone ITA"]
[Date "2022.10.15"]
[Round "5.25"]
[White "Pipia, Ekaterine"]
[Black "Daniilidi, Dimitra Lydia"]
[Result "1-0"]
[WhiteElo "1926"]
[BlackElo "1498"]
[EventDate "2022.10.12"]
[PlyCount "47"]

1.d4 f5 2.c4 Nf6 3.Nc3 g6 4.Nf3 Bg7 5.Bf4 d6 6.h3 c6 7.e3 O-O 8.Be2 Qe8 9.
O-O Nbd7 10.Bh2 e5 11.d5 Qe7 12.b4 e4 13.Nd4 Ne5 14.dxc6 bxc6 15.Nxc6 Nxc6
16.Bxd6 Qe8 17.Bxf8 Qxf8 18.a3 Be6 19.Rc1 Ne5 20.Nb5 Rd8 21.Nd4 Bd7 22.c5 
Nc6 23.Qb3+ Qf7 24.Bc4 1-0

[Event "38th WCh U20 Girls"]
[Site "Cala Gonone ITA"]
[Date "2022.10.15"]
[Round "5.26"]
[White "Femil, Chelladurai"]
[Black "Malikova, Marjona"]
[Result "1-0"]
[WhiteElo "1562"]
[BlackElo "1830"]
[EventDate "2022.10.12"]
[PlyCount "147"]

1.e4 c6 2.d4 d5 3.Nc3 dxe4 4.Nxe4 Bf5 5.Ng3 Bg6 6.h4 h6 7.Nf3 Nd7 8.h5 Bh7
9.Bd3 Bxd3 10.Qxd3 e6 11.Bd2 Ngf6 12.O-O-O Be7 13.Kb1 Qc7 14.c4 O-O-O 15.
Ne4 Ng4 16.Qe2 Rhe8 17.g3 f5 18.Nc3 e5 19.dxe5 Ndxe5 20.Bf4 Bd6 21.Qc2 Qf7
22.Nxe5 Bxe5 23.Rxd8+ Rxd8 24.f3 Bxf4 25.fxg4 Bxg3 26.Qxf5+ Qxf5+ 27.gxf5 
Be5 28.Kc2 Rd4 29.Re1 Bf6 30.Re4 Rd8 31.Ne2 Bg5 32.Nd4 c5 33.Ne6 Rd2+ 34.
Kc3 Rf2 35.Nxg5 hxg5 36.Re8+ Kd7 37.Rg8 Rxf5 38.Rxg7+ Kc6 39.Rg6+ Kc7 40.
h6 Rf3+ 41.Kc2 Rh3 42.Rxg5 Rxh6 43.Rxc5+ Kb6 44.Rd5 Kc6 45.Kc3 a6 46.a4 
Rh2 47.Rg5 Rh6 48.Kb4 b6 49.a5 bxa5+ 50.Rxa5 Kb7 51.Rf5 Kc6 52.b3 Kb6 53.
Ka4 Rh1 54.Rf6+ Kc5 55.b4+ Kxc4 56.Rc6+ Kd5 57.Rxa6 Rb1 58.Kb5 Rb2 59.Ra8 
Kd6 60.Rc8 Ra2 61.Kb6 Kd7 62.Rc4 Ra4 63.Rc7+ Kd8 64.b5 Rb4 65.Rc1 Ra4 66.
Kb7 Rb4 67.Rd1+ Ke7 68.b6 Rc4 69.Ka7 Ra4+ 70.Kb8 Rb4 71.b7 Rb2 72.Ra1 Kd7 
73.Ka7 Kc7 74.b8=Q+ 1-0

[Event "38th WCh U20 Girls"]
[Site "Cala Gonone ITA"]
[Date "2022.10.15"]
[Round "5.27"]
[White "Mikic, Ivana"]
[Black "Gabbani, Sara"]
[Result "1/2-1/2"]
[WhiteElo "1783"]
[BlackElo "1944"]
[EventDate "2022.10.12"]
[PlyCount "129"]

1.e4 c5 2.Nf3 Nc6 3.d4 cxd4 4.Nxd4 g6 5.c4 Nf6 6.Nc3 Nxd4 7.Qxd4 d6 8.Be2 
Bg7 9.Be3 O-O 10.Qd2 a5 11.Rd1 Be6 12.O-O a4 13.f4 Qa5 14.Bd4 Rfc8 15.b3 
axb3 16.axb3 Qb4 17.f5 Bd7 18.fxg6 hxg6 19.e5 dxe5 20.Bxe5 Bc6 21.Qc2 Ra3 
22.Rd3 Qxb3 23.Qxb3 Rxb3 24.Nd5 Nxd5 25.Rxb3 Bxe5 26.cxd5 Bxd5 27.Rb5 Bd4+
28.Kh1 Bc6 29.Rb3 Bd5 30.Rb4 Bc3 31.Rb5 Bc6 32.Rb3 Bd5 33.Rb5 Bc6 34.Rb3 
Bd4 35.Bf3 e5 36.Bxc6 bxc6 37.Rfb1 e4 38.Rb8 Rxb8 39.Rxb8+ Kg7 40.g3 c5 
41.Kg2 f5 42.Rb6 g5 43.h4 gxh4 44.gxh4 f4 45.Re6 f3+ 46.Kg3 f2 47.Kg2 e3 
48.Kf1 Kf7 49.Rc6 Ke7 50.h5 Kd7 51.Rg6 Ke7 52.h6 Kf7 53.Rg4 Bf6 54.h7 Bg7 
55.Ke2 Kf6 56.Rh4 Bh8 57.Rh1 Kg6 58.Kxe3 f1=Q 59.Rxf1 Kxh7 60.Ke4 Kg6 61.
Rg1+ Kf7 62.Kf5 Ke7 63.Rg6 Bd4 64.Ke4 Bf6 65.Rxf6 1/2-1/2

[Event "38th WCh U20 Girls"]
[Site "Cala Gonone ITA"]
[Date "2022.10.15"]
[Round "5.28"]
[White "Skaslien, Ingrid"]
[Black "Badenhorst, Chloe"]
[Result "1-0"]
[WhiteElo "1909"]
[BlackElo "1687"]
[EventDate "2022.10.12"]
[PlyCount "57"]

1.d4 Nf6 2.c4 g6 3.Nc3 d5 4.cxd5 Nxd5 5.e4 Nxc3 6.bxc3 Bg7 7.Bc4 c5 8.Ne2 
Nc6 9.Be3 O-O 10.O-O Bg4 11.f3 Na5 12.Bd3 cxd4 13.cxd4 Be6 14.Rc1 Bxa2 15.
Qa4 Be6 16.d5 Bd7 17.Qb4 b6 18.Bg5 f6 19.Bf4 e5 20.dxe6 Bxe6 21.Nd4 Bd7 
22.Bb1 f5 23.Ba2+ Kh8 24.Rfd1 Qh4 25.g3 Qh3 26.Qe7 Rae8 27.Qxd7 Rd8 28.Qe7
Rfe8 29.Ne6 1-0